000 00462nam a22001697a 4500
005 20240315070246.0
008 240315b |||||||| |||| 00| 0 eng d
020 _a9559062530
082 _222
_a323.4
_bSRI.
245 _aSri Lanka :
_bState of Human Rights /
_cLaw & Society Trust .
260 _aColombo :
_bLaw & Society Trust /
_c1998.
300 _axxi, 421 p.,
650 _aLaw.
650 _aHuman Rights.
700 _aNissan, Elizabeth.
_eedt
942 _cL
999 _c576
_d576